| 000 | 00992cam a22002294a 4500 | ||
|---|---|---|---|
| 005 | 20250605164136.0 | ||
| 008 | 250528s ||||||||||||||||||||||||d | ||
| 035 | _a18791 | ||
| 020 | _a231048882 | ||
| 040 |
_aGR-AtMCL _bgre _dGR-AtMCL _eAACR2 |
||
| 245 | 1 | _aComputers and Politics / High Technology in American Local Governments | |
| 260 |
_bColumbia University Press, _c1992 |
||
| 300 | _a282 | ||
| 520 | _aPreface, Computer and Politics, The Computer Package: Dynamic Complexity, The Computing Millieu, The Participants in Computing Decisions, The Bureucratic Politics of Computing, Computers in the Policy Process, The Automation of Bias, Computing and Urban Services, Policy and Politics and Computers, Appendix: URBIS Research Methodology, Notes, References, Index. | ||
| 700 | 1 |
_aDanziger James N _95042 |
|
| 700 | 1 |
_aDutton William H _95043 |
|
| 700 | 1 |
_aKling Rob _95044 |
|
| 700 | 1 |
_aKraemer Kenneth L _95045 |
|
| 942 | _cBK | ||
| 999 |
_c4104 _d4104 |
||